000 00400nam a2200157Ia 4500
008 230711s9999||||xx |||||||||||||| ||und||
041 _aENG
082 _a4
_bBA-U
100 _aBaumann,Susan K.
245 0 _aUnderstanding Pascal : Turbo versionĀ 
250 _a1st Ed.
260 _c1990
_aNew Delhi
_bJaico Books Publishing House
300 _a550
650 _aComputer Engineering
942 _cBK
999 _c2020
_d2020